| 000 | 00474nam a22001697a 4500 | ||
|---|---|---|---|
| 003 | NUST - PNEC | ||
| 005 | 20170116180955.0 | ||
| 008 | 150911b xxu||||| |||| 00| 0 eng d | ||
| 020 | _a818601159 | ||
| 040 | _cLIBRARY | ||
| 082 | _a005.75 BOT | ||
| 100 |
_99254 _aBotto, Francis |
||
| 245 |
_aMultimedia, CD-ROM and compact disc _ba guide for users and developers _cFrancis Botto |
||
| 260 | _cc 1992 | ||
| 650 |
_99255 _aMultimedia systems _xEE, EL, ME |
||
| 942 |
_2ddc _cBK |
||
| 999 |
_c66509 _d66509 |
||